Las montañas más peligrosas del mundo - Estadísticas

Estadísticas generales
  • Esta prueba ha sido intentada 41 veces
  • La puntuación promedio es 2 de 5
Estadísticas de respuestas
Rango País Tasa de mortalidad Altitud Riesgos mayores Montaña % Correcto
3 India / China 19% 8611 m Verticalidad del camino, clima inestable, derrumbes de seracs (paredes glaciares) Chogori (K2)
100%
1 Nepal 26,7% 8091 m Avalanchas, clima inestable Annapurna I
64%
2 Pakistán 21% 8126 m Avalanches, météo instable, terrorisme Nanga Parbat
36%
5 India / Nepal 12,7% 8586 m Aislamiento geográfico Kanchenjunga
22%
4 Nepal 15,6% 8167 m Avalanchas, aislamiento geográfico Dhaulagiri
19%
No se encontraron pruebas coincidentes
Distribución de puntuación
Porcentaje de gente con cada puntuación
Porcentaje por número respondido
Historial de tus puntuaciones
No has intentado esta prueba.